00000000cam 2200000zi 4500
0019.958226
003CaOODSP
00520251212103635
006m     o  d f      
007cr bn|||||||||
008251212s2025    onc     ol   f000 0 eng d
040 |aCaOODSP|beng|erda|cCaOODSP
0410 |aeng|afre
043 |an-cn---
0861 |aYX4-2025/6-PDF
1101 |aCanada.|eenacting jurisdiction.
24010|aAppropriation Act No. 3, 2025-26
24513|aAn Act for granting to His Majesty certain sums of money for the federal public administration for the fiscal year ending March 31, 2026 = |bLoi portant octroi à Sa Majesté de credits pour l'administration publique fédérale pendant l'exercice se terminant le 31 mars 2026.
24611|aLoi portant octroi à Sa Majesté de credits pour l'administration publique fédérale pendant l'exercice se terminant le 31 mars 2026
264 1|a[Ottawa] : |b[House of Commons of Canada], |c2025.
300 |a1 online resource (ii, 44 pages).
336 |atext|btxt|2rdacontent
337 |acomputer|bc|2rdamedia
338 |aonline resource|bcr|2rdacarrier
4901 |aStatutes of Canada ..., chapter ... ; |vStatutes of Canada 2025, chapter 6, 1st Session, 45th Parliament
500 |a"First Session, Forty-fifth Parliament, 3-4 Charles III, 2025."
500 |a"Statutes of Canada 2025, chapter 6."
500 |a"Assented to December 11, 2025, Bill C-17."
520 |a"This enactment grants the sum of $10,848,320,356 towards defraying charges and expenses of the federal public administration for the fiscal year ending March 31, 2026 that are not otherwise provided for"--Summary, page ii.
546 |aText in English and French.
650 0|aFinance, Public|xLaw and legislation|zCanada.
651 0|aCanada|xAppropriations and expenditures.
655 7|aStatutes and codes|2lcgft
7101 |aCanada. |bParliament. |bHouse of Commons, |eissuing body.
788 |tAn Act for granting to His Majesty certain sums of money for the federal public administration for the fiscal year ending March 31, 2026 = |efre|w(CaOODSP)9.958227
830#0|aStatutes of Canada ..., chapter ...|vStatutes of Canada 2025, chapter 6, 1st Session, 45th Parliament.|w(CaOODSP)9.500677
85640|qPDF|s470 KB|uhttps://publications.gc.ca/collections/collection_2025/lois-statutes/YX4-2025-6.pdf
8564 |qHTML|sN/A|uhttps://www.parl.ca/documentviewer/en/45-1/bill/C-17/royal-assent?col=2